Teatro

Saved in:
Bibliografiske detaljer
Hovedforfatter: Casona, Alejandro (Author)
Format: Bog
Sprog:spansk
Udgivet: Buenos Aires Losada 1968
Udgivelse:5a. ed
Serier:Gran Teatro del Mundo
Fag:
Tags: Tilføj Tag
Ingen Tags, Vær først til at tagge denne postø!

MARC

LEADER 00000nam a2200000 a 4500
001 UCH6821
003 CL-VaPUC
008 091109e19680000AG |||||||||||||||||spa|d
082 0 4 |a 862  |b CAS  |2 21 
100 0 |a Casona, Alejandro  |e author  |9 543419 
245 1 0 |a Teatro 
246 1 3 |a La sirena varada 
246 1 3 |a La barca sin pescador 
246 1 4 |a Los árboles mueren de pie 
250 |a 5a. ed 
300 |a 181 p 
942 |c BK 
945 |d 20091109 00:00:00  |a lazolas 
260 |a Buenos Aires  |b Losada  |c 1968 
650 0 |a Teatro español  |9 265077 
583 |a last modification  |c 20091109 00:00:00  |k Rodrigo Vera 
490 0 |a Gran Teatro del Mundo 
999 |c 337641  |d 337639